कृत्रिम उपगृह आणि अवकाश विज्ञान (Record no. 1246611)

MARC details
000 -LEADER
fixed length control field 00805nam a2200193Ia 4500
008 - FIXED-LENGTH DATA ELEMENTS--GENERAL INFORMATION
fixed length control field 151121s9999||||xx |||||||||||||| ||und||
082 ## - DEWEY DECIMAL CLASSIFICATION NUMBER
Classification number 521।6/ भालेरा
082 ## - DEWEY DECIMAL CLASSIFICATION NUMBER
Item number HNW-65088
100 ## - MAIN ENTRY--PERSONAL NAME
Personal name भालेराव सुधाकर
245 ## - TITLE STATEMENT
Title कृत्रिम उपगृह आणि अवकाश विज्ञान
260 ## - PUBLICATION, DISTRIBUTION, ETC. (IMPRINT)
Name of publisher, distributor, etc "साके त प्रकाशन, औरंगाबाद।"
260 ## - PUBLICATION, DISTRIBUTION, ETC. (IMPRINT)
Date of publication, distribution, etc --
300 ## - PHYSICAL DESCRIPTION
Extent 180
600 ## - SUBJECT ADDED ENTRY--PERSONAL NAME
Personal name भालेराव सुधाकर
630 ## - SUBJECT ADDED ENTRY--UNIFORM TITLE
Uniform title कृत्रिम उपगृह आणि अवकाश विज्ञान
700 ## - ADDED ENTRY--PERSONAL NAME
Personal name भालेराव सुधाकर
730 ## - ADDED ENTRY--UNIFORM TITLE
Uniform title कृत्रिम उपगृह आणि अवकाश विज्ञान
942 ## - ADDED ENTRY ELEMENTS (KOHA)
Koha item type Book
Holdings
Withdrawn status Lost status Damaged status Not for loan Home library Current library Date acquired Cost, normal purchase price Total Checkouts Full call number Barcode Date last seen Cost, replacement price Price effective from Koha item type
        Hirachand Nemchand Wachanalaya, Solapur Hirachand Nemchand Wachanalaya, Solapur 11/21/2015 80.00   HNW-65088 HNW-65088 11/21/2015 80.00 11/21/2015 Book